[Event "Recife Arraes Memorial 9th"]
[Site "Recife"]
[Date "2016.10.22"]
[Round "4.25"]
[White "Frankental, David"]
[Black "Alves da Silva, Thiago"]
[Result "1-0"]
[WhiteElo "1740"]
[BlackElo "2004"]
[PlyCount "95"]
[EventDate "2016.10.21"]
[EventType "swiss"]
[EventRounds "6"]
[EventCountry "BRA"]
[SourceTitle "EXT 2022"]
[Source "ChessBase"]
[SourceDate "2021.10.06"]
[SourceVersion "1"]
[SourceVersionDate "2021.10.06"]
[SourceQuality "1"]

1. c4 Nf6 2. Nc3 e6 3. d4 Bb4 4. Qc2 d5 5. e3 Nbd7 6. Bd3 b6 7. Nf3 h6 8. Bd2 Bxc3 9. bxc3 Bb7 10. cxd5 exd5 11. 0-0 Qe7 12. Rac1 g5 13. g3 g4 14. Nh4 0-0-0 15. c4 c5 16. cxd5 Bxd5 17. dxc5 Nxc5 18. Bb4 Nfd7 19. Bf5 Be6 20. Bxe6 Qxe6 21. Bxc5 Nxc5 22. Rfd1 Kc7 23. Rxd8 Rxd8 24. Rd1 Rxd1+ 25. Qxd1 Qxa2 26. Qxg4 Qb1+ 27. Kg2 Qe4+ 28. Qxe4 Nxe4 29. Kf3 Ng5+ 30. Ke2 a5 31. g4 b5 32. Nf5 a4 33. Kd3 a3 34. Kc2 Ne4 35. Kb3 b4 36. Nd4 Nxf2 37. Kxb4 a2 38. Nc2 Nxg4 39. Kb3 a1Q 40. Nxa1 Nxe3 41. Kc3 Kd6 42. Kd4 Ng4 43. h3 Nf2 44. h4 Ke6 45. Nc2 Ng4 46. Ke4 h5 47. Kf4 Nf6 48. Kg5 1-0

[Event "Luiz Rego Memorial 4th"]
[Site "Teresina"]
[Date "2016.06.24"]
[Round "1"]
[White "De Araujo, Maxdeilly Moura"]
[Black "Alves da Silva, Thiago"]
[Result "1/2-1/2"]
[WhiteElo "1747"]
[BlackElo "1987"]
[PlyCount "79"]
[EventDate "2016.06.24"]
[EventType "swiss"]
[EventRounds "6"]
[EventCountry "BRA"]
[SourceTitle "EXT 2017"]
[Source "ChessBase"]
[SourceDate "2016.10.25"]
[SourceVersion "1"]
[SourceVersionDate "2016.10.25"]
[SourceQuality "1"]

1. d4 d5 2. c4 c6 3. Nf3 Nf6 4. Nc3 e6 5. Bg5 Nbd7 6. e3 Qa5 7. cxd5 exd5 8. Qb3 Ne4 9. Bf4 Bb4 10. Rc1 Nxc3 11. bxc3 Ba3 12. Rc2 0-0 13. Bd3 Nf6 14. 0-0 b5 15. Ne5 Bb7 16. h3 Be7 17. Bg5 Qc7 18. Bf4 Bd6 19. Bh2 Rfe8 20. Nf3 Bxh2+ 21. Nxh2 Ne4 22. f3 Ng3 23. Re1 Bc8 24. f4 Bf5 25. Bxf5 Nxf5 26. Nf1 Re7 27. Rce2 Rae8 28. Qc2 Nd6 29. Nd2 Ne4 30. Nxe4 Rxe4 31. Qd2 a5 32. Kf2 h5 33. g3 Qd7 34. Kg2 Qf5 35. Kh2 a4 36. Qc1 R4e6 37. Qd2 Qg6 38. Qc1 Rd6 39. Qd2 Qe4 40. Rf2 1/2-1/2

[Event "Piauiense-ch"]
[Site "Teresina"]
[Date "2012.07.07"]
[Round "6.3"]
[White "Sales, Luis Carlos"]
[Black "Alves da Silva, Thiago"]
[Result "0-1"]
[WhiteElo "1852"]
[BlackElo "1974"]
[PlyCount "44"]
[EventDate "2012.06.29"]
[EventType "swiss"]
[EventRounds "6"]
[EventCountry "BRA"]
[SourceTitle "EXT 2022"]
[Source "ChessBase"]
[SourceDate "2021.10.06"]
[SourceVersion "1"]
[SourceVersionDate "2021.10.06"]
[SourceQuality "1"]

1. d4 d5 2. Nf3 Nf6 3. Bf4 e6 4. e3 Bd6 5. Bg5 c5 6. c3 Nbd7 7. Nbd2 0-0 8. Be2 Re8 9. 0-0 Qc7 10. Qa4 a6 11. dxc5 Nxc5 12. Qh4 Nce4 13. Bf4 e5 14. Bg5 h6 15. Bxf6 Nxf6 16. e4 b5 17. exd5 Nxd5 18. c4 Nf4 19. Bd1 Re6 20. Ne1 Rg6 21. g4 Bxg4 22. f3 Bh3+ 0-1

[Event "Piauiense-ch"]
[Site "Teresina"]
[Date "2012.07.06"]
[Round "5.1"]
[White "Alves da Silva, Thiago"]
[Black "Silva Sobrinho, Agostinho Jose"]
[Result "0-1"]
[WhiteElo "1974"]
[BlackElo "2159"]
[PlyCount "46"]
[EventDate "2012.06.29"]
[EventType "swiss"]
[EventRounds "6"]
[EventCountry "BRA"]
[SourceTitle "EXT 2022"]
[Source "ChessBase"]
[SourceDate "2021.10.06"]
[SourceVersion "1"]
[SourceVersionDate "2021.10.06"]
[SourceQuality "1"]

1. e4 c5 2. Nf3 e6 3. d4 cxd4 4. Nxd4 a6 5. c4 Nf6 6. Nc3 Bb4 7. Bd3 Qc7 8. 0-0 Nc6 9. Nxc6 dxc6 10. a3 Bc5 11. Kh1 h5 12. f4 Ng4 13. Qf3 e5 14. Ne2 Qd8 15. fxe5 Be6 16. Nf4 Qh4 17. h3 0-0-0 18. b3 Nxe5 19. Qe2 Bxh3 20. gxh3 Nxd3 21. Kg2 Qg5+ 22. Kh1 Qg3 23. Rf3 Qg1# 0-1

[Event "Piauiense-ch"]
[Site "Teresina"]
[Date "2012.07.01"]
[Round "4.2"]
[White "Correa, Luca Soares"]
[Black "Alves da Silva, Thiago"]
[Result "1/2-1/2"]
[WhiteElo "1713"]
[BlackElo "1974"]
[PlyCount "49"]
[EventDate "2012.06.29"]
[EventType "swiss"]
[EventRounds "6"]
[EventCountry "BRA"]
[SourceTitle "EXT 2022"]
[Source "ChessBase"]
[SourceDate "2021.10.06"]
[SourceVersion "1"]
[SourceVersionDate "2021.10.06"]
[SourceQuality "1"]

1. d4 d5 2. c4 c6 3. cxd5 cxd5 4. Nf3 Nf6 5. Nc3 e6 6. Bf4 Bd6 7. Bxd6 Qxd6 8. e3 Bd7 9. Bd3 0-0 10. 0-0 Nc6 11. a3 e5 12. dxe5 Nxe5 13. Nxe5 Qxe5 14. Be2 Rfe8 15. Qd4 Qxd4 16. exd4 Rac8 17. Bd3 Re7 18. Rfe1 Rce8 19. Rxe7 Rxe7 20. Kf1 g6 21. Re1 Be6 22. f3 a6 23. Rc1 Rc7 24. Ne2 Rxc1+ 25. Nxc1 1/2-1/2